Radicalism (Record no. 1228189)

MARC details
000 -LEADER
fixed length control field 00437nam a2200193Ia 4500
008 - FIXED-LENGTH DATA ELEMENTS--GENERAL INFORMATION
fixed length control field 151121s9999||||xx |||||||||||||| ||und||
082 ## - DEWEY DECIMAL CLASSIFICATION NUMBER
Classification number 301/RAY
082 ## - DEWEY DECIMAL CLASSIFICATION NUMBER
Item number HNW-36000
100 ## - MAIN ENTRY--PERSONAL NAME
Personal name Ray S। N।
245 ## - TITLE STATEMENT
Title Radicalism
260 ## - PUBLICATION, DISTRIBUTION, ETC. (IMPRINT)
Name of publisher, distributor, etc Renaissance Pub। Calcutta
260 ## - PUBLICATION, DISTRIBUTION, ETC. (IMPRINT)
Date of publication, distribution, etc --
300 ## - PHYSICAL DESCRIPTION
Extent 123
600 ## - SUBJECT ADDED ENTRY--PERSONAL NAME
Personal name Ray S। N।
630 ## - SUBJECT ADDED ENTRY--UNIFORM TITLE
Uniform title Radicalism
700 ## - ADDED ENTRY--PERSONAL NAME
Personal name Ray S। N।
730 ## - ADDED ENTRY--UNIFORM TITLE
Uniform title Radicalism
942 ## - ADDED ENTRY ELEMENTS (KOHA)
Koha item type Book
Holdings
Withdrawn status Lost status Damaged status Not for loan Home library Current library Date acquired Cost, normal purchase price Total Checkouts Full call number Barcode Date last seen Cost, replacement price Price effective from Koha item type
        Hirachand Nemchand Wachanalaya, Solapur Hirachand Nemchand Wachanalaya, Solapur 11/21/2015 3.00   HNW-36000 HNW-36000 11/21/2015 3.00 11/21/2015 Book